Λατινοαμερικάνικες Χώρες - Κουίζ Χάρτη - Statistics

General Stats
  • This quiz has been taken 74 times
  • The average score is 16 of 20
Answers on the Map
Answers color-coded by a green-red scale on the quiz's map according to % correct below.
 
Answer Stats
Answer % Correct
Μεξικό
100%
Βραζιλία
100%
Χιλή
100%
Αργεντινή
97%
Περού
91%
Κούβα
91%
Κολομβία
86%
Βενεζουέλα
83%
Παραγουάη
83%
Ουρουγουάη
80%
Παναμάς
77%
Αϊτή
77%
Δομινικανή Δημοκρατία
77%
Εκουαδόρ
71%
Βολιβία
71%
Κόστα Ρίκα
66%
Ελ Σαλβαδόρ
63%
Ονδούρα
60%
Νικαράγουα
54%
Γουατεμάλα
49%
No matching quizzes found
Score Distribution
Percent of People with Each Score
Percentile by Number Answered
Your Score History
You have not taken this quiz